000 00453nam a2200169Ia 4500
005 20250603145511.0
008 250603s9999 xx 000 0 und d
020 _a9789789378159
050 _aHM 1126 .P47/
245 0 _aPerspective on traditional Africa Chinese: methods of conflict resolution
260 _aAbuja
260 _bInstitute for peace and Conflict Resolution
260 _c2013
300 _a268 p
650 _aAbuja
942 _cBK
999 _c42039
_d42039